La transcripción castellana de los nombres propios griegos / (Record no. 128307)

MARC details
000 -LEADER
campo de control de longitud fija 00678nam a2200217 i 4500
001 - NÚMERO DE CONTROL
campo de control 128307
003 - IDENTIFICADOR DE NÚMERO DE CONTROL
campo de control ES-MaACL
005 - FECHA Y HORA DE LA ÚLTIMA TRANSACCIÓN
campo de control 20230906193228.0
007 - CAMPO FIJO DE DESCRIPCIÓN FÍSICA--INFORMACIÓN GENERAL
campo de control de longitud fija t|
008 - DATOS DE LONGITUD FIJA--INFORMACIÓN GENERAL
campo de control de longitud fija 070629s1969 sp ||||1| spa d
080 ## - NÚMERO DE LA CLASIFICACIÓN DECIMAL UNIVERSAL
Número de la Clasificación Decimal Universal 003.341.034
100 1# - ENTRADA PRINCIPAL--NOMBRE DE PERSONA
Nombre de persona Galiano, Manuel F.
9 (RLIN) 53402
245 13 - MENCIÓN DEL TÍTULO
Título La transcripción castellana de los nombres propios griegos /
Mención de responsabilidad, etc. Manuel F. Galiano.
250 ## - MENCION DE EDICION
Mención de edición 2º ed.
260 ## - PUBLICACIÓN, DISTRIBUCIÓN, ETC.
Lugar de publicación, distribución, etc. Madrid :
Nombre del editor, distribuidor, etc. Sociedad Española de Estudios Clásicos,
Fecha de publicación, distribución, etc. 1969.
300 ## - DESCRIPCIÓN FÍSICA
Extensión 157 p. ;
Dimensiones 25 cm.
500 ## - NOTA GENERAL
Nota general Biblioteca Jacinto Martínez Lacalle.
500 ## - NOTA GENERAL
Nota general Indice.
650 14 - PUNTO DE ACCESO ADICIONAL DE MATERIA--TÉRMINO DE MATERIA
Término de materia o nombre geográfico como elemento de entrada Lengua griega-
Subdivisión general Transliteración.
9 (RLIN) 14251
852 ## - LOCALIZACIÓN
Ubicación ES-MaACL
Número de control de estantería E-11783
Sublocalización o colección R.139771
Holdings
Estatus retirado Estado de pérdida Estado de daño No para préstamo Biblioteca de origen Biblioteca actual Ubicación en estantería Fecha de adquisición Fuente de adquisición Total de préstamos Signatura topográfica completa Código de barras Visto por última vez Precio de reemplazo Tipo de ítem Koha
        Biblioteca del Ateneo de Madrid Biblioteca del Ateneo de Madrid Depósito 2 17/01/2008     E-11783 1133634 23/02/2023 23/02/2023 Libro impreso